Poverty and income distribution / (Record no. 3085)

000 -LEADER
fixed length control field 01526cam a2200361 a 4500
001 - CONTROL NUMBER
control field 15379335
003 - CONTROL NUMBER IDENTIFIER
control field OSt
005 - DATE AND TIME OF LATEST TRANSACTION
control field 20180117085956.0
008 - FIXED-LENGTH DATA ELEMENTS--GENERAL INFORMATION
fixed length control field 080724s2009 enka b 001 0 eng
010 ## - LIBRARY OF CONGRESS CONTROL NUMBER
LC control number 2008032203
020 ## - INTERNATIONAL STANDARD BOOK NUMBER
International Standard Book Number 9781405176606 (hbk. : alk. paper)
020 ## - INTERNATIONAL STANDARD BOOK NUMBER
International Standard Book Number 1405176601 (hbk. : alk. paper)
035 ## - SYSTEM CONTROL NUMBER
System control number (OCoLC)ocn241304320
040 ## - CATALOGING SOURCE
Original cataloging agency DLC
Transcribing agency DLC
Modifying agency BTCTA
-- YDXCP
-- BWKUK
-- CDX
-- BWK
-- EUF
-- HEBIS
-- DLC
043 ## - GEOGRAPHIC AREA CODE
Geographic area code n-us---
050 00 - LIBRARY OF CONGRESS CALL NUMBER
Classification number HC110.P6
Item number W648 2009
082 00 - DEWEY DECIMAL CLASSIFICATION NUMBER
Classification number 305.5/690973
Edition number 22
100 1# - MAIN ENTRY--PERSONAL NAME
Personal name Wolff, Edward N.
245 10 - TITLE STATEMENT
Title Poverty and income distribution /
Statement of responsibility, etc. Edward N. Wolff.
250 ## - EDITION STATEMENT
Edition statement 2nd ed.
260 ## - PUBLICATION, DISTRIBUTION, ETC.
Place of publication, distribution, etc. Chichester, U.K. ;
-- Malden, MA :
Name of publisher, distributor, etc. Wiley-Blackwell,
Date of publication, distribution, etc. 2009.
300 ## - PHYSICAL DESCRIPTION
Extent xvi, 650 p. :
Other physical details ill. ;
Dimensions 26 cm.
500 ## - GENERAL NOTE
General note Rev. ed. of: Economics of poverty inequality and discrimination / Edward Nathan Wolff. c1997.
504 ## - BIBLIOGRAPHY, ETC. NOTE
Bibliography, etc. note Includes bibliographical references and index.
650 #0 - SUBJECT ADDED ENTRY--TOPICAL TERM
Topical term or geographic name entry element Poverty
Geographic subdivision United States.
650 #0 - SUBJECT ADDED ENTRY--TOPICAL TERM
Topical term or geographic name entry element Poor
Geographic subdivision United States.
650 #0 - SUBJECT ADDED ENTRY--TOPICAL TERM
Topical term or geographic name entry element Income distribution
Geographic subdivision United States.
700 1# - ADDED ENTRY--PERSONAL NAME
Personal name Wolff, Edward N.
Title of a work Economics of poverty inequality and discrimination.
906 ## - LOCAL DATA ELEMENT F, LDF (RLIN)
a 7
b cbc
c orignew
d 1
e ecip
f 20
g y-gencatlg
942 ## - ADDED ENTRY ELEMENTS (KOHA)
Source of classification or shelving scheme
Koha item type Book
Holdings
Withdrawn status Lost status Source of classification or shelving scheme Damaged status Not for loan Collection code Permanent Location Current Location Shelving location Date acquired Total Checkouts Full call number Barcode Date last seen Price effective from Koha item type
            Central Library (CL) Central Library (CL) General Stacks 05/11/2016   305.5/690973 WOL S3H-N-416 05/11/2016 05/11/2016 Book
© 2023 Central Library, National University of Sciences and Technology. All Rights Reserved.